Introducing ... management /

Сохранить в:
Библиографические подробности
Главный автор: Schermerhorn, John R.
Формат:
Язык:English
Опубликовано: New York ; Chichester : John Wiley and Sons, 2000.
Предметы:
Метки: Добавить метку
Нет меток, Требуется 1-ая метка записи!
Thư viện lưu trữ: Mạng thư viện Đại học Đà Nẵng
LEADER 00794cam a2200313 i 4500
001 000046295
003 5756
005 20030326110926.0
008 010220|2000 vm 000 eng
020 |a 0471371939 (pbk.) 
040 |a IRC  |c IRC  |d IRC 
041 0 |a eng 
082 1 4 |a 658.4  |b SC-J 
100 1 |a Schermerhorn, John R. 
245 0 0 |a Introducing ... management /  |c John R. Schermerhorn. 
260 |a New York ; Chichester :  |b John Wiley and Sons,  |c 2000. 
300 |a xviii, 271p. :  |b ill. 
630 0 4 |a Management. 
650 0 4 |a Management. 
OWN |a DUT 
999 |a From the UDN01 
TYP |a Monograph 
TYP |a Printed language 
980 |a Mạng thư viện Đại học Đà Nẵng